00914nam a22001817a 45000010006000000050017000060080041000230200018000640400033000820820023001151000046001382450060001842600058002443000035003025050357003375260013006946500025007075777120260418165004.0260309s2006 enka b 001 0 eng  a9780195188332 aBD-DhIUBcBD-DhIUBdBD-DhIUB00a150.198222bP477p1 aPeterson, Christopher,d1950 February 18-12aA primer in positive psychology /cChristopher Peterson aOxford ;aNew York :bOxford University Press,c2006. aviii, 386 p. :bill. ;c26 cm.0 aWhat is positive psychology? -- Learning about positive psychology: not a spectator sport -- Pleasure and positive experience -- Happiness -- Positive thinking -- Character strengths -- Values -- Interests, abilities, and accomplishments -- Wellness -- Positive interpersonal relationships -- Enabling institutions -- The future of positive psychology. aLIBlGEN 0aPositive psychology.